Ferroelectrics and antiferroelectrics / (Record no. 9082)
[ view plain ]
| 000 -LEADER | |
|---|---|
| fixed length control field | 00879nam a2200289I 4500 |
| 001 - CONTROL NUMBER | |
| control field | 9082 |
| 003 - CONTROL NUMBER IDENTIFIER | |
| rucl marc code | BD-RjUL |
| 005 - DATE AND TIME OF LATEST TRANSACTION | |
| control field | 20211208234719.0 |
| 008 - FIXED-LENGTH DATA ELEMENTS--GENERAL INFORMATION | |
| fixed length control field | 140120s1957 nyua b 000 0 eng u |
| 035 ## - SYSTEM CONTROL NUMBER | |
| System control number | MITb10163506 |
| System control number | (OCoLC)02314830 |
| System control number | GLIS00163506 |
| -- | (BD-RjUL)9127 |
| 040 ## - CATALOGING SOURCE | |
| Transcribing agency | CSU |
| Modifying agency | MYG |
| -- | BD-RjUL |
| Original cataloging agency | MCM |
| Language of cataloging | eng |
| 041 ## - LANGUAGE CODE | |
| Language code of text/sound track or separate title | eng |
| 082 04 - DEWEY DECIMAL CLASSIFICATION NUMBER | |
| Edition number | 18 |
| Classification number | 539.2 |
| Author mark and year | KAF 1957 |
| 090 ## - LOCALLY ASSIGNED LC-TYPE CALL NUMBER (OCLC); LOCAL CALL NUMBER (OCLC) | |
| Classification number (OCLC) (R) ; Classification number, CALL (RLIN) (NR) | QC595 |
| Local cutter number (OCLC) ; Book number/undivided call number, CALL (RLIN) | .K16 |
| 099 ## - LOCAL FREE-TEXT CALL NUMBER (OCLC) | |
| Bangla Class number | QC595.K16 |
| 100 1# - MAIN ENTRY--PERSONAL NAME | |
| Personal name | Kanzig, Werner. |
| 9 (RLIN) | 28193 |
| 245 10 - TITLE STATEMENT | |
| Title | Ferroelectrics and antiferroelectrics / |
| Statement of responsibility, etc. | Werner Känzig. |
| 260 ## - PUBLICATION, DISTRIBUTION, ETC. (IMPRINT) | |
| Place of publication, distribution, etc. | New York : |
| Name of publisher, distributor, etc. | Academic Press, |
| Date of publication, distribution, etc. | c1957. |
| 300 ## - PHYSICAL DESCRIPTION | |
| Pagination | 197 p. : |
| Illustrations | illus., diagrs., tables. ; |
| Size | 22 cm. |
| 490 1# - SERIES STATEMENT | |
| Series statement | Solid state reprints |
| 500 ## - GENERAL NOTE | |
| General note | "First published in Solid state physics, volume 4...1957." |
| 650 #0 - SUBJECT ADDED ENTRY--TOPICAL TERM | |
| Topical term or geographic name as entry element | Ferroelectricity. |
| 9 (RLIN) | 28194 |
| 830 #0 - SERIES ADDED ENTRY--UNIFORM TITLE | |
| Uniform title | Solid state reprints. |
| 942 ## - ADDED ENTRY ELEMENTS (KOHA) | |
| Source of classification or shelving scheme | Dewey Decimal Classification |
| Koha item type | Books |
| Lost status | Source of classification or shelving scheme | Damaged status | Not for loan | Permanent Location | Current Location | Shelving location | Date acquired | Source of acquisition | Cost, normal purchase price | Total Checkouts | Full call number | Date last seen | Copy number | Koha item type |
|---|---|---|---|---|---|---|---|---|---|---|---|---|---|---|
| Dewey Decimal Classification | Not For Loan | Central Library, University of Rajshahi | Central Library, University of Rajshahi | 10/11/1965 | Zeitlinger | 40.00 | 539.2 KAF 1957 | 20/01/2014 | C-1 | Books |